000 00426nam a2200145Ia 4500
008 231217s9999 xx 000 0 und d
041 _aEnglish
082 _a158.2 WOO;1
100 _aWoodall, Marian K
245 0 _aHow to communicate under presure : thinking on your feet
260 _c2001
_bJaico Publishing House,
_aMumbai
300 _a109
650 _acommunicate,under,presure,:,thinking,your,feet
942 _cAA
999 _c170310
_d170310